00576nam a2200193Ii 450000100060000000300090000600800410001502000150005604000330007104100080010408400130011210000190012524500960014426400490024030000120028933600260030133700280032733800270035519066CO-ViMGA241108s9999||||xx |||||||||||||| ||und|| a9588160731 aCO-ViMGAbspaerdacCO-ViMGA0 aspa aN PER21o1 aCarlos Perozzo10aLa O de aserrín :bhabilidades sobrehumanas que desafían la gravedad y la imaginación 1aBogotá, Colombia : Villegas Editores, 2004 avolumen atextbtxt2rdacontent aunmediatedbn2rdamedia avolumebnc2rdacarrier